Sustainable Reconstruction of Highland and Headwater Regions : (Record no. 329184)

000 -LEADER
fixed length control field 01276cam a2200313 a 4500
001 - CONTROL NUMBER
control field 110253
003 - CONTROL NUMBER IDENTIFIER
control field Nust
005 - DATE AND TIME OF LATEST TRANSACTION
control field 20170426111706.0
008 - FIXED-LENGTH DATA ELEMENTS--GENERAL INFORMATION
fixed length control field 971226s1995 ii ab b 100 0 eng
010 ## - LIBRARY OF CONGRESS CONTROL NUMBER
LC control number 96900605
020 ## - INTERNATIONAL STANDARD BOOK NUMBER
International Standard Book Number 8120410351
025 ## - OVERSEAS ACQUISITION NUMBER
Overseas acquisition number I-E-96-900605; 49-91
035 ## - SYSTEM CONTROL NUMBER
System control number (DLC) 96900605
040 ## - CATALOGING SOURCE
Original cataloging agency DLC
Transcribing agency DLC
Modifying agency DLC
042 ## - AUTHENTICATION CODE
Authentication code lcode
050 00 - LIBRARY OF CONGRESS CALL NUMBER
Classification number QH541.5.M65
Item number I63 1995
082 00 - DEWEY DECIMAL CLASSIFICATION NUMBER
Classification number 577.53 SIN
Edition number 21
111 2# - MAIN ENTRY--MEETING NAME
Meeting name or jurisdiction name as entry element International Symposium on Headwater Control
Date of meeting (1995 :
Location of meeting New Delhi, India)
245 10 - TITLE STATEMENT
Title Sustainable Reconstruction of Highland and Headwater Regions :
Remainder of title proceedings of third International Symposium on Headwater Control, New Delhi, October 6-8, 1995 /
Statement of responsibility, etc. editors, R.B. Singh, Martin J. Haigh.
260 ## - PUBLICATION, DISTRIBUTION, ETC.
Place of publication, distribution, etc. New Delhi :
Name of publisher, distributor, etc. Oxford & IBH Pub. Co.,
Date of publication, distribution, etc. c1995.
300 ## - PHYSICAL DESCRIPTION
Extent xi, 681 p. :
Other physical details ill., maps ;
Dimensions 25 cm.
504 ## - BIBLIOGRAPHY, ETC. NOTE
Bibliography, etc. note Includes bibliographical references.
650 #0 - SUBJECT ADDED ENTRY--TOPICAL TERM
Topical term or geographic name entry element Mountain ecology
Form subdivision Congresses.
700 1# - ADDED ENTRY--PERSONAL NAME
Personal name Singh, R. B.
Fuller form of name (Ram Babu),
Dates associated with a name 1955-
700 1# - ADDED ENTRY--PERSONAL NAME
Personal name Haigh, Martin J.,
Dates associated with a name 1950-
906 ## - LOCAL DATA ELEMENT F, LDF (RLIN)
a 7
b cbc
c origode
d 3
e ncip
f 19
g y-gencatlg
942 ## - ADDED ENTRY ELEMENTS (KOHA)
Source of classification or shelving scheme
Koha item type Book
Holdings
Withdrawn status Lost status Source of classification or shelving scheme Damaged status Not for loan Permanent Location Current Location Date acquired Total Checkouts Full call number Barcode Date last seen Price effective from Koha item type
          School of Civil and Environmental Engineering (SCEE) School of Civil and Environmental Engineering (SCEE) 04/26/2017   577.53 SIN NIT-8484 04/26/2017 04/26/2017 Book
© 2023 Central Library, National University of Sciences and Technology. All Rights Reserved.